|
|
|
|
| LEADER |
00000nlm0a2200000 4500 |
| 001 |
55445 |
| 005 |
20240125134842.0 |
| 035 |
|
|
|a (RuTPU)RU\TPU\book\58192
|
| 090 |
|
|
|a 55445
|
| 100 |
|
|
|a 20030916d2003 k y0rusy50 ca
|
| 101 |
0 |
|
|a rus
|
| 102 |
|
|
|a RU
|
| 105 |
|
|
|a a dm 001zy
|
| 135 |
|
|
|a drbn ---uucaa
|
| 181 |
|
0 |
|a i
|
| 182 |
|
0 |
|a b
|
| 200 |
1 |
|
|a Конструирование и технология получения оксидных покрытий с заданными физико-химическими свойствами в импульсном микроплазменном режиме
|e автореферат диссертации на соискание ученой степени кандидата технических наук
|f Ю. Ю. Будницкая
|g Институт физики прочности и материаловедения СО РАН; науч. рук.: А. И. Мамаев
|
| 203 |
|
|
|a Текст
|c электронный
|
| 210 |
|
|
|a Томск
|c [Б. и.]
|d 2003
|
| 215 |
|
|
|a 1 файл (1306 Kb)
|
| 300 |
|
|
|a Заглавие с титульного экрана
|
| 300 |
|
|
|a Электронная версия печатной публикации
|
| 337 |
|
|
|a Adobe Reader
|
| 452 |
|
1 |
|0 (RuTPU)RU\TPU\book\56705
|t Конструирование и технология получения оксидных покрытий с заданными физико-химическими свойствами в импульсном микроплазменном режиме
|o автореферат диссертации на соискание ученой степени кандидата технических наук
|o спец. 05.17.11
|f Ю. Ю. Будницкая
|g Институт физики прочности и материаловедения СО РАН; науч. рук. А. И. Мамаев
|c Томск
|n Б.и.
|d 2003
|p 22 с.
|a Будницкая, Юлия Юрьевна
|
| 610 |
1 |
|
|a техническая электрохимия
|
| 610 |
1 |
|
|a электролиты
|
| 610 |
1 |
|
|a микроплазменные процессы
|
| 610 |
1 |
|
|a оксидные покрытия
|
| 610 |
1 |
|
|a силикатные покрытия
|
| 610 |
1 |
|
|a получение
|
| 610 |
1 |
|
|a аппаратура
|
| 610 |
1 |
|
|a измерения
|
| 610 |
1 |
|
|a пористые анодно-оксидные покрытия
|
| 610 |
1 |
|
|a морфология
|
| 610 |
1 |
|
|a алюминий
|
| 610 |
1 |
|
|a сплавы
|
| 610 |
1 |
|
|a защитные покрытия
|
| 610 |
1 |
|
|a декоративные покрытия
|
| 610 |
1 |
|
|a авторефераты диссертаций
|
| 610 |
1 |
|
|a электронный ресурс
|
| 675 |
|
|
|a 621.357.8(04)
|v 3
|
| 686 |
|
|
|a 05.17.11
|2 oksvnk
|
| 700 |
|
1 |
|a Будницкая
|b Ю. Ю.
|c специалист в области начертательной геометрии и инженерной графики
|c доцент Томского политехнического университета, кандидат технических наук
|f 1975-
|g Юлия Юрьевна
|3 (RuTPU)RU\TPU\pers\30463
|9 14788
|
| 702 |
|
1 |
|a Мамаев
|b А. И.
|4 727
|
| 712 |
0 |
2 |
|a Российская академия наук (РАН)
|b Сибирское отделение (СО)
|b Институт физики прочности и материаловедения (ИФПМ)
|c (Томск)
|3 (RuTPU)RU\TPU\col\265
|
| 801 |
|
1 |
|a RU
|b 63413507
|c 20030916
|g PSBO
|
| 801 |
|
2 |
|a RU
|b 63413507
|c 20151113
|g PSBO
|
| 856 |
4 |
|
|u http://www.lib.tpu.ru/fulltext/a/2003/50.pdf
|
| 942 |
|
|
|c CF
|